Nová pravidla obchodu. 10 Dohoda o investičních opatřeních

Dohoda o investičných opatreniach. Silné a ochromujúce účinky TRIMS na svetový obchod. Odstraňovanie bariér cudzích priamych investícií obmedzujúcich obchod. Názory vyspelých krajín, rozvojových krajín, ES a škandinávskych krajín na účinky TRIMS.

Na minha lista:
Detalhes bibliográficos
Autor principal: Jung, Z.
Formato: Capítulo de Livro
Idioma:tcheco
Assuntos:
Tags: Adicionar Tag
Sem tags, seja o primeiro a adicionar uma tag!

MARC

LEADER 00000naa a2200000 4500
001 r019131
005 20221208131226.6
041 0 |a cze 
044 |a CZ 
245 1 0 |a Nová pravidla obchodu. 10  |b Dohoda o investičních opatřeních  |c Z. Jung 
520 |a Dohoda o investičných opatreniach. Silné a ochromujúce účinky TRIMS na svetový obchod. Odstraňovanie bariér cudzích priamych investícií obmedzujúcich obchod. Názory vyspelých krajín, rozvojových krajín, ES a škandinávskych krajín na účinky TRIMS. 
610 2 0 |a investície zahraničné 
610 2 0 |a ochrana investícií 
610 2 0 |a TRIMS 
610 2 0 |a bariéry obchodu zahraničného 
610 2 0 |a obchod svetový 
100 1 |a Jung, Z.